| 000 | 00706nam a22001937a 4500 | ||
|---|---|---|---|
| 003 | JO-AjAnu | ||
| 005 | 20250323112258.0 | ||
| 008 | 250319b jo ||||| |||| 00| 0 ara d | ||
| 040 | _cJO-AjAnu | ||
| 041 | _heng | ||
| 100 |
_aHanandeh, Omar Basem _ePrepared _966543 |
||
| 245 |
_aComplex Negative Filters of Classical Semigroups _c/ by Omar Basem Hanandeh ; Supervisor Anas AL- Masarwah |
||
| 260 | _c2025 | ||
| 300 | _a61 pages | ||
| 500 | _aUniversity Thesis (Master's Thesis in Mathematics) Ajloun National University (Jordan-Ajloun) / College of Business, Department of Mathematics, 2025 | ||
| 650 | _vالرياضيات | ||
| 700 |
_aAl-Masarwah, Anas _eSupervisor _966544 |
||
| 942 |
_2lcc _cTHS _n0 |
||
| 999 |
_c33916 _d33916 |
||